[Event "LLHH 2122 TV Fischbek - Hamburger SK VI"]
[Site "?"]
[Date "2022.05.15"]
[Round "4.4"]
[White "Brandt, Carina"]
[Black "Fuhrmann, Aake"]
[Result "1/2-1/2"]
[WhiteElo "2061"]
[BlackElo "1926"]
[PlyCount "118"]
[EventDate "2022.??.??"]

1. e4 c5 2. c3 Nf6 3. e5 Nd5 4. Nf3 Nc6 5. d4 cxd4 6. cxd4 d6 7. Bc4 Nb6 8. Bb3
dxe5 9. Nxe5 Nxe5 10. dxe5 Qxd1+ 11. Bxd1 Bd7 12. O-O e6 13. Nc3 Bc6 14. Be2
Bc5 15. Kh1 O-O 16. f4 Rfd8 17. a3 Rd7 18. Rb1 Rc8 19. b4 Bd4 20. Nb5 Be4 21.
Rb3 Rc2 22. Nxd4 Rxd4 23. Bf3 Bxf3 24. Rbxf3 Nc4 25. Kg1 b5 26. g3 Kf8 27. f5
Nxe5 28. Rf4 Rd3 29. fxe6 f6 30. R4f2 Rxf2 31. Kxf2 Rf3+ 32. Ke2 Rxf1 33. Kxf1
Ke7 34. Ke2 Kxe6 35. h3 Kd5 36. Ke3 a6 37. g4 Kc4 38. Ke4 Kb3 39. g5 Nc4 40.
gxf6 gxf6 41. Kf5 Nxa3 42. Kxf6 Nc2 43. h4 Nxb4 44. h5 a5 45. Kg7 a4 46. Kxh7
Nd3 47. h6 Nxc1 48. Kg8 b4 49. h7 Ka2 50. h8=Q b3 51. Qd4 a3 52. Qc4 Kb1 53.
Qe4+ Ka1 54. Qb4 a2 55. Qd4+ Kb1 56. Qe4+ Kb2 57. Qd4+ Kc2 58. Qc4+ Kd2 59.
Qf4+ Kc2 1/2-1/2

[Event "LLHH 2122 TV Fischbek - Hamburger SK VI"]
[Site "?"]
[Date "2022.05.15"]
[Round "4.5"]
[White "Klaas, Heiko"]
[Black "Schneider, Alexander"]
[Result "1-0"]
[WhiteElo "1935"]
[BlackElo "2090"]
[PlyCount "65"]
[EventDate "2022.??.??"]

1. e4 c5 2. Nc3 Nc6 3. Nf3 e5 4. Bc4 Be7 5. d3 Nf6 6. Nd2 Na5 7. Bd5 Nxd5 8.
Nxd5 Nc6 9. c3 d6 10. Nc4 f5 11. f4 b5 12. Nce3 fxe4 13. dxe4 exf4 14. Nxf4 O-O
15. Qd5+ Kh8 16. Nf5 Bxf5 17. exf5 Bh4+ 18. g3 Ne7 19. Qd3 Nxf5 20. gxh4 Qxh4+
21. Kd1 c4 22. Qh3 Qf6 23. Rg1 Rae8 24. Ng6+ Kg8 25. Nxf8 Qe5 26. Bd2 Rxf8 27.
Re1 Qd5 28. Kc2 b4 29. Rad1 b3+ 30. Kb1 bxa2+ 31. Ka1 Qb5 32. Bf4 Rb8 33. Qg2
1-0

[Event "LLHH 2122 TV Fischbek - Hamburger SK VI"]
[Site "?"]
[Date "2022.05.15"]
[Round "4.6"]
[White "Schermer, Denis"]
[Black "Kort, Felix"]
[Result "1-0"]
[WhiteElo "1999"]
[BlackElo "1894"]
[PlyCount "93"]
[EventDate "2022.??.??"]

1. d4 Nf6 2. c4 e6 3. Nf3 b6 4. g3 Bb7 5. Bg2 Bb4+ 6. Bd2 Be7 7. Nc3 O-O 8. Qc2
d5 9. cxd5 exd5 10. Ne5 Nbd7 11. Qa4 c5 12. Nxd7 Qxd7 13. Qxd7 Nxd7 14. Bxd5
Bxd5 15. Nxd5 Bd6 16. dxc5 Nxc5 17. O-O-O Rac8 18. Kb1 Rfe8 19. Rhe1 Be5 20.
Bb4 g6 21. f3 f5 22. Rd2 Kf7 23. Bc3 Bxc3 24. Nxc3 Rcd8 25. Red1 Rxd2 26. Rxd2
Re7 27. Rd8 Rd7 28. Rxd7+ Nxd7 29. Kc2 Ke6 30. Kd3 a6 31. h3 Ke5 32. f4+ Kd6
33. e4 fxe4+ 34. Nxe4+ Kd5 35. g4 h6 36. h4 Ke6 37. Kd4 h5 38. g5 Kf5 39. Ke3
Ke6 40. Ng3 Nc5 41. f5+ gxf5 42. Nxh5 Ke5 43. Nf4 Ne4 44. Nd3+ Ke6 45. Kf4 Nd6
46. h5 Kf7 47. Ne5+ 1-0

[Event "LLHH 2122 TV Fischbek - Hamburger SK VI"]
[Site "?"]
[Date "2022.05.15"]
[Round "4.7"]
[White "Fuhrmann, Bahne"]
[Black "Peters, Thomas"]
[Result "0-1"]
[WhiteElo "1885"]
[BlackElo "1836"]
[PlyCount "78"]
[EventDate "2022.??.??"]

1. d4 d5 2. c4 e6 3. Nf3 f5 4. Bf4 Nf6 5. Nc3 c6 6. e3 Be7 7. Be2 O-O 8. O-O
Ne4 9. Nd2 g5 10. Be5 Nd7 11. Ncxe4 dxe4 12. Qc2 Nxe5 13. dxe5 Qc7 14. Qc3 c5
15. Rad1 Bd7 16. f4 exf3 17. gxf3 Bc6 18. f4 g4 19. e4 h5 20. Kf2 fxe4 21. Ke3
Rad8 22. Nb3 b6 23. Rxd8 Rxd8 24. Nc1 Be8 25. Rd1 Bg6 26. Rxd8+ Qxd8 27. Qd2
Qd4+ 28. Qxd4 cxd4+ 29. Kxd4 Bc5+ 30. Kc3 Bg1 31. h3 gxh3 32. Bf1 Bf5 33. Ne2
Bf2 34. b4 Bg4 35. c5 bxc5 36. bxc5 Bxe2 37. Bxh3 Bg4 38. Bg2 e3 39. c6 e2 0-1

[Event "LLHH 2122 TV Fischbek - Hamburger SK VI"]
[Site "?"]
[Date "2022.05.15"]
[Round "4.8"]
[White "Egelriede, Nikolas"]
[Black "Jantzen, Hans-Joerg"]
[Result "0-1"]
[WhiteElo "1838"]
[BlackElo "2175"]
[PlyCount "96"]
[EventDate "2022.??.??"]

1. e4 c5 2. Nf3 e6 3. b3 Nc6 4. Bb2 a6 5. Be2 Qc7 6. O-O Nf6 7. d3 Bd6 8. h3
Ne5 9. Nbd2 Rb8 10. c3 b6 11. Nxe5 Bxe5 12. d4 Bf4 13. e5 Bxd2 14. Qxd2 Ng8 15.
Qg5 g6 16. c4 h6 17. Qd2 Bb7 18. d5 Qd8 19. Rad1 Qe7 20. f4 h5 21. Rf3 Nh6 22.
Rd3 O-O 23. Bf3 Qh4 24. Kh2 Nf5 25. Be4 Ng7 26. g3 Qe7 27. Bc3 Rfc8 28. Qe2 b5
29. dxe6 Qxe6 30. Rd6 Qe8 31. Rxd7 Bxe4 32. Qxe4 bxc4 33. Qxc4 Rd8 34. Qd5 Ne6
35. Ba5 Rdc8 36. Qe4 c4 37. Qf3 cxb3 38. axb3 Rc2+ 39. Kg1 Qc8 40. b4 Qc4 41.
Qd3 Qa2 42. Rd2 Rbc8 43. Qe2 h4 44. Kg2 hxg3 45. Kxg3 R8c3+ 46. Kg4 Rxd2 47.
Rxd2 Qb3 48. Qg2 Qb1 0-1

[Event "LLHH 2122 FC St. Pauli II - Hamburger S"]
[Site "?"]
[Date "2022.05.15"]
[Round "4.2"]
[White "zur Lage, Julian"]
[Black "Meier, David Geffrey"]
[Result "1/2-1/2"]
[WhiteElo "2145"]
[BlackElo "2081"]
[PlyCount "59"]
[EventDate "2022.??.??"]

1. d4 d5 2. Nf3 Nf6 3. c4 e6 4. g3 c6 5. Qc2 Bd6 6. Bg2 O-O 7. O-O Nbd7 8. Nc3
dxc4 9. Rd1 Qc7 10. Nd2 Nb6 11. Nce4 Nxe4 12. Bxe4 f5 13. Bf3 c5 14. dxc5 Bxc5
15. b3 Bd4 16. Rb1 c3 17. Nc4 Bf6 18. Ba3 Nxc4 19. Bxf8 Ne5 20. Bd6 Nxf3+ 21.
exf3 Qc6 22. Rd3 b6 23. Bb4 Ba6 24. Rxc3 Bxc3 25. Qxc3 Qxc3 26. Bxc3 Bb7 27. f4
Rc8 28. Rc1 Kf7 29. Kf1 Bf3 30. Ke1 1/2-1/2

[Event "LLHH 2122 FC St. Pauli II - Hamburger S"]
[Site "?"]
[Date "2022.05.15"]
[Round "4.3"]
[White "Posske, Thore"]
[Black "Priebe, Jan"]
[Result "0-1"]
[WhiteElo "2013"]
[BlackElo "2193"]
[PlyCount "84"]
[EventDate "2022.??.??"]

1. d4 Nf6 2. c4 g6 3. Nc3 Bg7 4. e4 d6 5. Be2 O-O 6. Nf3 e5 7. O-O Na6 8. d5
Nh5 9. Ne1 Nf4 10. Bxf4 exf4 11. Nd3 Re8 12. Qd2 Qh4 13. Rac1 Bh6 14. f3 f5 15.
b4 fxe4 16. Nxe4 Rxe4 17. fxe4 f3 18. Qe1 Qxe1 19. Rcxe1 fxe2 20. Rxe2 Bg4 21.
Rc2 Re8 22. h3 Bd7 23. Re1 c6 24. a3 Bg7 25. Kf1 Rc8 26. dxc6 bxc6 27. Rd1 Re8
28. Re1 Nc7 29. c5 dxc5 30. Nxc5 Bc8 31. Rd1 Na6 32. Nb3 Nb8 33. Re1 Ba6+ 34.
Kf2 Bb5 35. Ke3 Ba4 36. Rb1 Nd7 37. Rc4 Bb5 38. Rc2 Bh6+ 39. Kd4 Ne5 40. Nc5
Bg7 41. Ra2 Ng4+ 42. e5 Rxe5 0-1

[Event "LLHH 2122 FC St. Pauli II - Hamburger S"]
[Site "?"]
[Date "2022.05.15"]
[Round "4.4"]
[White "Richter, Maik"]
[Black "Kirsch, Sergius"]
[Result "1-0"]
[WhiteElo "2145"]
[BlackElo "2015"]
[PlyCount "59"]
[EventDate "2022.??.??"]

1. e4 c5 2. Nc3 Nc6 3. Bb5 g6 4. Bxc6 dxc6 5. f4 Bg7 6. Nf3 Nf6 7. d3 O-O 8.
O-O b6 9. Qe1 Qc7 10. Qh4 Ne8 11. Ng5 h6 12. Nf3 f6 13. Bd2 Nd6 14. Qg3 Kh7 15.
b3 Nf7 16. Rae1 e6 17. Nd1 Bd7 18. Ne3 Rae8 19. Bc3 g5 20. Nd2 Nh8 21. Qf2 Ng6
22. f5 Nf4 23. Qf3 exf5 24. exf5 Nd5 25. Bb2 Re7 26. Ne4 Rfe8 27. c4 Nb4 28.
Qh5 Nxd3 29. Qg6+ Kh8 30. Nxf6 1-0

[Event "LLHH 2122 FC St. Pauli II - Hamburger S"]
[Site "?"]
[Date "2022.05.15"]
[Round "4.5"]
[White "Luedke, Joshua"]
[Black "Reuber, Artur"]
[Result "1-0"]
[WhiteElo "2032"]
[BlackElo "2148"]
[PlyCount "69"]
[EventDate "2022.??.??"]

1. d4 f5 2. g3 Nf6 3. Bg2 g6 4. Nd2 Bg7 5. Nh3 c6 6. Nf4 d6 7. Nf3 Qc7 8. Ng5
Bh6 9. Nfe6 Bxe6 10. Nxe6 Qa5+ 11. c3 Bxc1 12. Qxc1 Kd7 13. Nf4 e5 14. b4 Qc7
15. dxe5 dxe5 16. Nd3 Ke7 17. e4 fxe4 18. Nc5 Nbd7 19. Nxe4 Nxe4 20. Bxe4 Nf6
21. Qg5 Kf7 22. Bc2 Rhe8 23. O-O Kg7 24. Rad1 Re7 25. h4 e4 26. c4 Rae8 27. c5
Re5 28. Qf4 Nd5 29. Qg4 e3 30. f4 R5e7 31. Rfe1 e2 32. Rd2 Nxb4 33. Bxg6 hxg6
34. Rd6 Rf7 35. Qxg6+ 1-0

[Event "LLHH 2122 FC St. Pauli II - Hamburger S"]
[Site "?"]
[Date "2022.05.15"]
[Round "4.7"]
[White "Salenko, Vadim"]
[Black "Steinbrenner, Juerg"]
[Result "1-0"]
[WhiteElo "2010"]
[BlackElo "1983"]
[PlyCount "83"]
[EventDate "2022.??.??"]

1. d4 Nf6 2. e3 e6 3. Bd3 d5 4. Nd2 c5 5. c3 Nc6 6. f4 Bd6 7. g3 b6 8. Ngf3 Bb7
9. O-O Ng4 10. Qe2 f5 11. Ne5 Nf6 12. Ndf3 Qe7 13. Bd2 O-O 14. Kh1 Bc7 15. Rg1
Nxe5 16. Nxe5 c4 17. Bc2 Bxe5 18. fxe5 Ng4 19. Rg2 Qe8 20. h3 Nh6 21. Rag1 Rc8
22. g4 fxg4 23. e4 Rf3 24. Bxh6 Rxh3+ 25. Rh2 Rxh2+ 26. Qxh2 gxh6 27. Rxg4+ Kh8
28. Qxh6 Qe7 29. Rg6 Qf8 30. Qxf8+ Rxf8 31. Rxe6 dxe4 32. Kg1 Kg7 33. Bd1 e3
34. Re7+ Rf7 35. Rxf7+ Kxf7 36. Bh5+ Ke6 37. Kf1 Kf5 38. Ke2 Kf4 39. e6 Bc6 40.
e7 Kf5 41. e8=Q Bxe8 42. Bxe8 1-0

[Event "LLHH 2122 FC St. Pauli II - Hamburger S"]
[Site "?"]
[Date "2022.05.15"]
[Round "4.8"]
[White "Fehr, Jukka"]
[Black "Chyzynski, David"]
[Result "0-1"]
[WhiteElo "1976"]
[BlackElo "1758"]
[PlyCount "64"]
[EventDate "2022.??.??"]

1. d4 Nf6 2. Nf3 e6 3. e3 b6 4. c4 Bb7 5. Bd3 d5 6. O-O Be7 7. Nc3 O-O 8. Qc2
h6 9. b3 Nbd7 10. Bb2 c5 11. Ne5 dxc4 12. Bxc4 a6 13. a4 Nxe5 14. dxe5 Ng4 15.
Nd1 Qc7 16. f4 h5 17. h3 Nh6 18. e4 Qc6 19. Bd3 Rfd8 20. Ne3 Rd7 21. Rad1 Rad8
22. Kh2 Kf8 23. Qe2 g6 24. f5 exf5 25. exf5 Nxf5 26. Bxf5 Rxd1 27. Rxd1 Rxd1
28. Qxd1 Bg5 29. Bd7 Qe4 30. Qd6+ Kg8 31. Qb8+ Kh7 32. Qf8 Bf4+ 0-1

[Event "LLHH 2122 SV Diagonale Harburg - SC Kö"]
[Site "?"]
[Date "2022.05.15"]
[Round "4.1"]
[White "Cremer, Jochen"]
[Black "Fries-Nielsen, Jens Ove"]
[Result "0-1"]
[WhiteElo "2101"]
[BlackElo "2370"]
[PlyCount "114"]
[EventDate "2022.??.??"]

1. c4 e5 2. g3 Nc6 3. Bg2 f5 4. Nc3 Nf6 5. e3 Be7 6. Nge2 h5 7. h4 d6 8. d4 Bd7
9. b3 a5 10. a3 g6 11. Nd5 Nxd5 12. cxd5 Nb8 13. Bb2 Bf6 14. Qd2 Bb5 15. dxe5
dxe5 16. f4 Nd7 17. Nc3 Ba6 18. b4 axb4 19. axb4 Bc4 20. Kf2 Rxa1 21. Rxa1 O-O
22. Na4 Re8 23. Bf3 Qe7 24. Bc3 Qd8 25. Nb2 Nb6 26. Rd1 Bb3 27. fxe5 Bxe5 28.
Bxe5 Rxe5 29. Re1 Bxd5 30. Rd1 Qe7 31. Bxd5+ Rxd5 32. Qc3 Rxd1 33. Nxd1 Nd5 34.
Qb3 Qe5 35. Qa2 Kg7 36. Qc4 Nf6 37. Qd4 Ne4+ 38. Kf3 Kf6 39. Qd8+ Kf7 40. Qd7+
Kg8 41. Qd8+ Kg7 42. Qd4 Qxd4 43. exd4 Kf6 44. Kf4 c6 45. Ne3 Nc3 46. Kf3 b5
47. Nc2 Nd5 48. Kf2 g5 49. hxg5+ Kxg5 50. Kf3 f4 51. gxf4+ Nxf4 52. Ne3 Nd5 53.
Nc2 Kf5 54. Kg3 Ke4 55. Kh4 Kd3 56. Ne1+ Kxd4 57. Nf3+ Kc3 0-1

[Event "LLHH 2122 SV Diagonale Harburg - SC Kö"]
[Site "?"]
[Date "2022.05.15"]
[Round "4.2"]
[White "Fries-Nielsen, Niels Jorgen"]
[Black "Moehrmann, Marcus"]
[Result "1-0"]
[WhiteElo "2292"]
[BlackElo "2022"]
[PlyCount "59"]
[EventDate "2022.??.??"]

1. Nf3 Nf6 2. d4 g6 3. g3 Bg7 4. Bg2 O-O 5. O-O d6 6. Nc3 Nbd7 7. d5 e5 8. dxe6
fxe6 9. e4 Rb8 10. Qe2 b6 11. Nd4 Qe8 12. Ncb5 Ba6 13. c4 Bxb5 14. Nxb5 Nc5 15.
e5 dxe5 16. b4 a6 17. Na7 e4 18. bxc5 Ra8 19. cxb6 cxb6 20. Rb1 Rxa7 21. Rxb6
Qc8 22. Bxe4 Nxe4 23. Qxe4 Re8 24. Be3 Rc7 25. c5 Bf8 26. c6 Rd8 27. Rc1 Rd5
28. Bf4 Bd6 29. Bxd6 Rxd6 30. Rcb1 1-0

[Event "LLHH 2122 SV Diagonale Harburg - SC Kö"]
[Site "?"]
[Date "2022.05.15"]
[Round "4.3"]
[White "Lohse, Marc"]
[Black "Easwaralingam, Adesh"]
[Result "0-1"]
[WhiteElo "1908"]
[BlackElo "2116"]
[PlyCount "52"]
[EventDate "2022.??.??"]

1. e4 c5 2. Nf3 e6 3. d3 Nc6 4. g3 g6 5. Bg2 Bg7 6. O-O Nge7 7. c3 d5 8. Qe2 d4
9. e5 O-O 10. Bg5 h6 11. Bd2 g5 12. Qe4 Ng6 13. cxd4 cxd4 14. Na3 Ngxe5 15.
Nxe5 Nxe5 16. f4 Nc6 17. Nc4 g4 18. Qe2 f5 19. Rac1 Rb8 20. b3 Re8 21. Bxc6
bxc6 22. Ne5 Qd5 23. Qg2 Qxg2+ 24. Kxg2 Bxe5 25. fxe5 Ba6 26. Rxc6 Bb7 0-1

[Event "LLHH 2122 SV Diagonale Harburg - SC Kö"]
[Site "?"]
[Date "2022.05.15"]
[Round "4.4"]
[White "Wasmuth, Matthias"]
[Black "Schroeter, Baldur"]
[Result "1/2-1/2"]
[WhiteElo "2161"]
[BlackElo "2020"]
[PlyCount "106"]
[EventDate "2022.??.??"]

1. d4 Nf6 2. Nf3 e6 3. e3 Nc6 4. b3 g6 5. Bb2 Bg7 6. Nbd2 d6 7. Be2 O-O 8. O-O
e5 9. dxe5 Ng4 10. Nc4 Ngxe5 11. Ncxe5 Nxe5 12. Nxe5 Bxe5 13. Bxe5 dxe5 14. Bc4
Qf6 15. Qe2 Rd8 16. Rad1 Be6 17. Bxe6 Qxe6 18. Qb5 b6 19. h3 a5 20. a4 Rd6 21.
Rxd6 Qxd6 22. f4 exf4 23. Qc4 f3 24. Rxf3 Qd7 25. e4 Re8 26. Qd5 Qe6 27. Rc3 c5
28. Rf3 Re7 29. Rf4 Kg7 30. Kf2 f6 31. h4 h6 32. Kf3 Qe5 33. Qxe5 fxe5 34. Rg4
Rd7 35. h5 g5 36. Rg3 Rd2 37. Kg4 Kf6 38. Rd3 Rxg2+ 39. Kh3 Rxc2 40. Rd6+ Kg7
41. Rxb6 c4 42. Kg4 cxb3 43. Rxb3 Rf2 44. Rb7+ Kf8 45. Rb8+ Ke7 46. Rb7+ Kd8
47. Rb6 Rf4+ 48. Kg3 Rxe4 49. Rxh6 Rh4 50. Re6 e4 51. Re5 Rxh5 52. Rxa5 e3 53.
Re5 Rh4 1/2-1/2

[Event "LLHH 2122 SV Diagonale Harburg - SC Kö"]
[Site "?"]
[Date "2022.05.15"]
[Round "4.5"]
[White "Streich, Justus"]
[Black "Hoppe, Daniel"]
[Result "1-0"]
[WhiteElo "1957"]
[BlackElo "1965"]
[PlyCount "89"]
[EventDate "2022.??.??"]

1. e4 Nc6 2. Nf3 d6 3. d4 Nf6 4. Nc3 g6 5. h3 Bg7 6. Be2 O-O 7. O-O e5 8. dxe5
dxe5 9. Be3 Be6 10. Bc5 Qxd1 11. Raxd1 Rfd8 12. Ng5 Nd4 13. Nxe6 Nxe6 14. Be3
Nd4 15. Bd3 c6 16. Nb1 Rd7 17. c3 Ne6 18. Bc2 b6 19. Rxd7 Nxd7 20. Rd1 Nf6 21.
Rd6 Ne8 22. Rd1 Rd8 23. Rxd8 Nxd8 24. Nd2 Nd6 25. a4 N8b7 26. b4 Bf8 27. Bd3
Be7 28. Nb3 Bd8 29. c4 Kf8 30. c5 bxc5 31. bxc5 Ne8 32. Ba6 Na5 33. Nxa5 Bxa5
34. Bb7 Nc7 35. Bxc6 Ne6 36. Bb7 Ke7 37. Kf1 Kd8 38. Bd5 Kc7 39. Bxe6 fxe6 40.
Ke2 Kc6 41. Kd3 Bb4 42. Kc4 Ba3 43. f3 a6 44. g3 Kc7 45. Kb3 1-0

[Event "LLHH 2122 SV Diagonale Harburg - SC Kö"]
[Site "?"]
[Date "2022.05.15"]
[Round "4.6"]
[White "Holst, Marten"]
[Black "Goetz, Claus"]
[Result "1-0"]
[WhiteElo "1934"]
[BlackElo "1910"]
[PlyCount "61"]
[EventDate "2022.??.??"]

1. Nf3 c5 2. g3 Nc6 3. Bg2 g6 4. c4 Bg7 5. Nc3 d6 6. d3 e5 7. h4 h6 8. Bd2 Nge7
9. Qc1 Be6 10. a3 Qd7 11. Rb1 a5 12. Nb5 Nd4 13. Nfxd4 exd4 14. Bf4 Nc8 15. b4
axb4 16. axb4 cxb4 17. Rxb4 O-O 18. O-O Kh7 19. Qd2 d5 20. Nc7 Ra5 21. Nxd5 b5
22. Rb2 Bxd5 23. Bxd5 b4 24. Rxb4 Rxd5 25. cxd5 Qxd5 26. Rfb1 Qf5 27. Rb5 Qh3
28. Be5 Bxe5 29. Rxe5 Nd6 30. Qb4 Rd8 31. Qxd4 1-0

[Event "LLHH 2122 SV Diagonale Harburg - SC Kö"]
[Site "?"]
[Date "2022.05.15"]
[Round "4.7"]
[White "Melde, Christian"]
[Black "Syed, Tareq"]
[Result "0-1"]
[WhiteElo "1980"]
[BlackElo "1993"]
[PlyCount "84"]
[EventDate "2022.??.??"]

1. Nf3 c6 2. d4 d6 3. c4 Nf6 4. Nc3 Nbd7 5. Bg5 h6 6. Bh4 g5 7. Bg3 Nh5 8. e3
Ndf6 9. Be2 Bg7 10. Qc2 Qa5 11. O-O Nxg3 12. hxg3 Qc7 13. b4 O-O 14. e4 Nh7 15.
Rad1 Re8 16. c5 dxc5 17. dxc5 g4 18. Nh4 Qe5 19. Nb1 Ng5 20. Nd2 Be6 21. Nc4
Qc3 22. Qxc3 Bxc3 23. Nf5 h5 24. f3 Bxf5 25. exf5 gxf3 26. gxf3 Bxb4 27. Kg2
Bxc5 28. Rh1 f6 29. Rxh5 Kg7 30. Rd7 b5 31. Ne5 Rad8 32. Rxd8 Rxd8 33. Nxc6 Rd2
34. Kf1 Rxa2 35. Bxb5 Rf2+ 36. Ke1 Nxf3+ 37. Kd1 Rd2+ 38. Kc1 Ba3+ 39. Kb1 Rb2+
40. Ka1 Rxb5 41. Nxa7 Rb2 42. Nc6 Rh2 0-1

[Event "LLHH 2122 FC St. Pauli III - SK Marmsto"]
[Site "?"]
[Date "2022.05.15"]
[Round "4.1"]
[White "Hebbinghaus, Holger"]
[Black "Kahlert, Thomas"]
[Result "1/2-1/2"]
[WhiteElo "2280"]
[BlackElo "2152"]
[PlyCount "73"]
[EventDate "2022.??.??"]

1. d4 Nf6 2. Nf3 g6 3. g3 Bg7 4. Bg2 O-O 5. O-O d5 6. c4 dxc4 7. Na3 Nc6 8.
Nxc4 Be6 9. b3 a5 10. Bb2 Bd5 11. Ne3 Be4 12. a3 e6 13. Nc4 Qe7 14. Ncd2 Rfd8
15. Nxe4 Nxe4 16. Qc2 Nf6 17. Rac1 Ne8 18. Rfd1 Rd7 19. e3 Rad8 20. Ne1 Rd6 21.
Nd3 Rb8 22. b4 axb4 23. axb4 Na7 24. Qc5 Nc8 25. Ra1 c6 26. b5 cxb5 27. Qxb5
Rb6 28. Qa4 Ra6 29. Qc2 Rxa1 30. Rxa1 Ncd6 31. Qb3 Qd8 32. Nc5 b6 33. Nd3 Rc8
34. Ra7 Nc4 35. Bc3 Rc7 36. Ra8 Rc8 37. Ra7 1/2-1/2

[Event "LLHH 2122 FC St. Pauli III - SK Marmsto"]
[Site "?"]
[Date "2022.05.15"]
[Round "4.2"]
[White "Thomaschke, Dirk"]
[Black "Hawellek, Jeronimo"]
[Result "0-1"]
[WhiteElo "2179"]
[BlackElo "2241"]
[PlyCount "73"]
[EventDate "2022.??.??"]

1. e4 d6 2. d4 Nf6 3. Nc3 g6 4. Nf3 Bg7 5. Be2 O-O 6. O-O Nc6 7. d5 Nb8 8. Re1
e5 9. dxe6 Bxe6 10. Bf4 Nc6 11. Qd2 Re8 12. Rad1 a6 13. h3 b5 14. Bf1 Qb8 15.
Bh6 Bd7 16. Bxg7 Kxg7 17. Nd5 Nxd5 18. exd5 Ne5 19. Nd4 Qb6 20. f4 f6 21. Kh2
Nc4 22. Qc3 Qc5 23. b4 Qxd5 24. Ne6+ Bxe6 25. Rxd5 Bxd5 26. Rd1 c6 27. Bxc4
bxc4 28. Rd2 Re4 29. Qg3 Rae8 30. f5 R8e5 31. fxg6 hxg6 32. Qf2 c3 33. Rxd5
Rxd5 34. Qa7+ Kh6 35. Qxa6 Rd2 36. Qxc6 Ree2 37. Qxc3 0-1

[Event "LLHH 2122 FC St. Pauli III - SK Marmsto"]
[Site "?"]
[Date "2022.05.15"]
[Round "4.3"]
[White "Diekmann, Jens"]
[Black "Grote, Dirk"]
[Result "1/2-1/2"]
[WhiteElo "2069"]
[BlackElo "2054"]
[PlyCount "65"]
[EventDate "2022.??.??"]

1. c4 e6 2. Nf3 d5 3. b3 Nf6 4. g3 b6 5. Bg2 Bb7 6. O-O Nbd7 7. Bb2 Be7 8. d3
O-O 9. e3 dxc4 10. dxc4 c5 11. Nc3 a6 12. Qc2 Qc7 13. Rfd1 Rfd8 14. Rd2 Bc6 15.
e4 Qb7 16. Ne1 Nf8 17. Rad1 Rxd2 18. Rxd2 Rd8 19. Rxd8 Bxd8 20. Qd3 Qd7 21. e5
Bxg2 22. Kxg2 Ng4 23. Ne4 Qxd3 24. Nxd3 Nd7 25. h3 Nh6 26. g4 Kf8 27. Kf3 Ng8
28. Ke3 Ne7 29. f4 Bc7 30. a3 Nc6 31. Bc3 a5 32. Ng3 Ke7 33. Ke4 1/2-1/2

[Event "LLHH 2122 FC St. Pauli III - SK Marmsto"]
[Site "?"]
[Date "2022.05.15"]
[Round "4.5"]
[White "Peschke, Matthias"]
[Black "Thieme, Daniel Otis"]
[Result "1-0"]
[WhiteElo "2017"]
[BlackElo "2021"]
[PlyCount "55"]
[EventDate "2022.??.??"]

1. c4 e5 2. g3 Nf6 3. Bg2 Nc6 4. Nc3 Bb4 5. e4 O-O 6. Nge2 Re8 7. O-O a5 8. d3
d6 9. h3 Ne7 10. Be3 c6 11. f4 Ng6 12. f5 Nf8 13. g4 N6d7 14. Kh2 Bc5 15. Qd2
f6 16. h4 Bxe3 17. Qxe3 Qb6 18. Qg3 h6 19. Rab1 Nh7 20. Ng1 Nc5 21. Nh3 Kf7 22.
g5 hxg5 23. hxg5 fxg5 24. Nxg5+ Nxg5 25. Qxg5 Rh8+ 26. Kg3 Qd8 27. Qg6+ Kf8 28.
f6 1-0

[Event "LLHH 2122 FC St. Pauli III - SK Marmsto"]
[Site "?"]
[Date "2022.05.15"]
[Round "4.6"]
[White "David, Torsten"]
[Black "Anderberg, Peter"]
[Result "1/2-1/2"]
[WhiteElo "2059"]
[BlackElo "1980"]
[PlyCount "43"]
[EventDate "2022.??.??"]

1. e4 e5 2. f4 d5 3. exd5 exf4 4. Nf3 Nf6 5. Bc4 Nxd5 6. Nc3 Be6 7. Qe2 Be7 8.
O-O Nxc3 9. bxc3 Bxc4 10. Qxc4 O-O 11. d3 Bd6 12. Bxf4 Nc6 13. Rae1 Bxf4 14.
Qxf4 Qd7 15. Re4 Rfe8 16. Rfe1 Rxe4 17. Qxe4 f6 18. Qc4+ Qf7 19. Qb5 Rb8 20. c4
a6 21. Qc5 Qf8 22. Qd5+ 1/2-1/2

[Event "LLHH 2122 SK Weisse Dame - Hamburger SK"]
[Site "?"]
[Date "2022.05.15"]
[Round "4.8"]
[White "Lam, Daniel"]
[Black "Kleiner, Michael"]
[Result "0-1"]
[WhiteElo "1927"]
[BlackElo "2071"]
[PlyCount "60"]
[EventDate "2022.??.??"]

1. e4 d6 2. d4 g6 3. Nc3 Nf6 4. Be3 Bg7 5. Be2 O-O 6. h4 h5 7. Qd2 Ng4 8. Bxg4
Bxg4 9. f3 Bc8 10. O-O-O Nc6 11. g4 hxg4 12. h5 e5 13. Bh6 Nxd4 14. hxg6 fxg6
15. Bxg7 Kxg7 16. Qh6+ Kf7 17. Qh7+ Ke8 18. Qxg6+ Kd7 19. Nd5 Kc6 20. Rd3 gxf3
21. Rc3+ Kb5 22. Nxc7+ Kb4 23. a3+ Ka5 24. Nxa8 f2 25. Nf3 Ne2+ 26. Kd2 Nxc3
27. Qg2 Nxe4+ 28. Ke3 Rg8 29. Qf1 Qf6 30. Rh4 Bg4 0-1

[Event "LLHH 2122 SK Weisse Dame - Hamburger SK"]
[Site "?"]
[Date "2022.05.15"]
[Round "4.1"]
[White "Schellhorn, Wolfgang"]
[Black "Popist, Florian"]
[Result "0-1"]
[WhiteElo "2147"]
[BlackElo "2136"]
[PlyCount "108"]
[EventDate "2022.??.??"]

1. e4 c5 2. Nf3 Nc6 3. d4 cxd4 4. Nxd4 g6 5. c4 Nf6 6. Nc3 Bg7 7. Be3 d6 8. f3
O-O 9. Qd2 Nd7 10. Be2 Nxd4 11. Bxd4 Bxd4 12. Qxd4 Qb6 13. Qd2 Nf6 14. O-O-O
Be6 15. Kb1 Rac8 16. Nd5 Bxd5 17. exd5 Rc5 18. g4 Rfc8 19. h4 Qd8 20. h5 Qf8
21. Bd3 b5 22. b3 bxc4 23. Bxc4 Qg7 24. Qd4 Nd7 25. Qxg7+ Kxg7 26. h6+ Kf8 27.
Rd2 R8c7 28. Rhd1 Ne5 29. Be2 g5 30. Rd4 Rc2 31. R4d2 R2c3 32. Rf1 f6 33. Kb2
Kf7 34. f4 gxf4 35. Rxf4 Kg6 36. Ra4 R3c5 37. Bd1 Kxh6 38. Bc2 Kg7 39. Bf5 h6
40. Be6 Rb7 41. Rc2 Nd3+ 42. Kb1 Rxc2 43. Kxc2 Nc5 44. Rc4 Nxe6 45. dxe6 Kg6
46. Kd3 f5 47. b4 fxg4 48. Rxg4+ Kf5 49. Rh4 Kxe6 50. Rxh6+ Kd5 51. Rh7 Kc6 52.
a3 e5 53. Rh6 Kd5 54. Rh5 Rf7 0-1

[Event "LLHH 2122 SK Weisse Dame - Hamburger SK"]
[Site "?"]
[Date "2022.05.15"]
[Round "4.2"]
[White "Mandelbaum, Peter-Rene"]
[Black "Hold, Andre"]
[Result "1-0"]
[WhiteElo "2073"]
[BlackElo "2077"]
[PlyCount "103"]
[EventDate "2022.??.??"]

1. e4 g6 2. d4 Bg7 3. Nc3 d6 4. Be3 Nf6 5. Qd2 e5 6. dxe5 dxe5 7. Qxd8+ Kxd8 8.
O-O-O+ Nbd7 9. Bc4 Ke7 10. Nb5 c6 11. Nc7 Rb8 12. Bxa7 Nxe4 13. Nf3 Nd6 14. Bb3
b6 15. Bxb8 Nxb8 16. Rhe1 f6 17. Nd4 Nf5 18. Nxc6+ Nxc6 19. Nd5+ Kd6 20. Nxb6+
Kc7 21. Nxc8 Rxc8 22. Be6 Rd8 23. Rxd8 Nxd8 24. Bxf5 gxf5 25. c3 Ne6 26. Kc2
Bf8 27. b4 Nf4 28. g3 Nh3 29. f3 Ng5 30. Rf1 Bd6 31. a4 Ne6 32. a5 Kc6 33. Kb3
Nc7 34. Ka4 Nb5 35. Rc1 Bf8 36. Kb3 Bh6 37. Rd1 Nc7 38. c4 Be3 39. b5+ Kb7 40.
a6+ Kc8 41. Rd6 Ne8 42. Rc6+ Kd7 43. c5 Nc7 44. a7 Na8 45. Kc4 Bg5 46. Rd6+ Kc8
47. b6 e4 48. fxe4 fxe4 49. Re6 e3 50. Kd3 f5 51. Re8+ Kb7 52. Rb8+ 1-0

[Event "LLHH 2122 SK Weisse Dame - Hamburger SK"]
[Site "?"]
[Date "2022.05.15"]
[Round "4.6"]
[White "Kuhle, Sebastian"]
[Black "Schulz, Wolfgang"]
[Result "1-0"]
[WhiteElo "2047"]
[BlackElo "2025"]
[PlyCount "115"]
[EventDate "2022.??.??"]

1. c4 g6 2. Nc3 Bg7 3. g3 Nf6 4. e4 d6 5. Bg2 O-O 6. Nge2 e5 7. O-O c6 8. h3
Nbd7 9. d3 a6 10. Be3 b5 11. Qd2 Rb8 12. f4 Bh6 13. Rf2 b4 14. Nd1 c5 15. f5
Bxe3 16. Nxe3 g5 17. g4 h6 18. Bf3 Kg7 19. Rg2 Bb7 20. Kf2 Rh8 21. Rag1 Nh7 22.
f6+ Qxf6 23. Ng3 Kf8 24. Nef5 Rg8 25. Rh2 Ke8 26. Nh5 Qg6 27. h4 Kd8 28. Nhg3
Kc7 29. Ne7 Qf6 30. Nxg8 Rxg8 31. Nf5 Nhf8 32. hxg5 hxg5 33. a3 a5 34. Ra1 Ne6
35. b3 Nd4 36. Qb2 Nf8 37. axb4 axb4 38. Ra6 Ng6 39. Ra7 Nc6 40. Ra4 Rh8 41.
Rxh8 Qxh8 42. Ke3 Nd4 43. Qg2 Nxb3 44. Qh1 Qxh1 45. Bxh1 Nd4 46. Ra1 Kb6 47.
Ra2 Nxf5+ 48. exf5 Nf4 49. Bxb7 Kxb7 50. Rh2 Kb6 51. Rh7 Ka5 52. Rxf7 Ka4 53.
Ra7+ Kb3 54. Kd2 d5 55. cxd5 Nxd5 56. Ra6 c4 57. dxc4 Kxc4 58. f6 1-0